Applied cryptography : protocols, algorithms, and source code in C

שמור ב:
מידע ביבליוגרפי
מחבר ראשי: Schneier, Bruce
פורמט: ספר
יצא לאור: Wiley
תגים: הוספת תג
אין תגיות, היה/י הראשונ/ה לתייג את הרשומה!

MARC

LEADER 00000nam a2200000Ia 4500
005 20260515061616.0
100 |a Schneier, Bruce, 
020 |a 9781119096726 
942 |c BK 
245 |a Applied cryptography : protocols, algorithms, and source code in C  
260 |b Wiley 
999 |c 50  |d 50 
952 |0 0  |1 0  |4 0  |7 0  |a ABDN  |b ABDN  |d 2026-05-15  |l 0  |p 000042  |r 2026-05-15 06:16:16  |w 2026-05-15  |y BK